ՄԱՅՐ ԱԹՈՌ ՍՈՒՐԲ ԷՋՄԻԱԾԻՆ

«ՎԱՉԵ ԵՎ ԹԱՄԱՐ ՄԱՆՈՒԿՅԱՆ» ՄԱՏԵՆԱԴԱՐԱՆ

Книга для чтения на французском языке. (Record no. 67546)

MARC details
000 -LEADER
fixed length control field 01071nam a22002417a 4500
003 - CONTROL NUMBER IDENTIFIER
control field SEM
005 - DATE AND TIME OF LATEST TRANSACTION
control field 20220608073933.0
008 - FIXED-LENGTH DATA ELEMENTS--GENERAL INFORMATION
fixed length control field 171027b xxu||||| |||| 00| 0 rus
040 ## - CATALOGING SOURCE
Transcribing agency SEM
Original cataloging agency SEM
041 1# - LANGUAGE CODE
Language code of text/sound track or separate title rus.
-- fr.
080 ## - UNIVERSAL DECIMAL CLASSIFICATION NUMBER
Universal Decimal Classification number 804.0(028)/К-53
245 04 - TITLE STATEMENT
Title Книга для чтения на французском языке.
Remainder of title К учебнику для 9-11классов вечерней (сменной) и заочной общеобразовательной школы. /
Statement of responsibility, etc. Сост.: А. Афанасьева и др.
246 04 - VARYING FORM OF TITLE
Title proper/short title Livre de lecture 9.10.11.
260 ## - PUBLICATION, DISTRIBUTION, ETC.
Place of publication, distribution, etc. Москва:
Name of publisher, distributor, etc. «Просвещение»,
Date of publication, distribution, etc. 1976.
300 ## - PHYSICAL DESCRIPTION
Extent 88 с.;
Other physical details илл.;
Dimensions 22 см.
440 ## - SERIES STATEMENT/ADDED ENTRY--TITLE
Title Читаем по французски
650 ## - SUBJECT ADDED ENTRY--TOPICAL TERM
Topical term or geographic name entry element Французский язык
General subdivision книга для чтения
700 ## - ADDED ENTRY--PERSONAL NAME
Personal name Афанасьева А.
Relationship сост.
Relator term comp.
700 1# - ADDED ENTRY--PERSONAL NAME
Personal name Благодатова Р.
Relationship сост.
Relator term comp.
700 1# - ADDED ENTRY--PERSONAL NAME
Personal name Жаворонкова С.
Relationship сост.
Relator term comp.
700 1# - ADDED ENTRY--PERSONAL NAME
Personal name Симатская Л.
Relationship сост.
Relator term comp.
942 ## - ADDED ENTRY ELEMENTS (KOHA)
Source of classification or shelving scheme Universal Decimal Classification
Koha item type Գրքեր/Books
Holdings
Withdrawn status Lost status Source of classification or shelving scheme Damaged status Not for loan Collection code Home library Current library Date acquired Inventory number Total Checkouts Full call number Barcode Date last seen Price effective from Koha item type Public note
    Universal Decimal Classification     Գրապահոց Մայր Աթոռ Սուրբ Էջմիածին «Վաչե և Թամար Մանուկյան» Մատենադարան Մայր Աթոռ Սուրբ Էջմիածին «Վաչե և Թամար Մանուկյան» Մատենադարան 27/10/2017 Рус-8514   804.0(028)/К-53 Рус-8514 27/10/2017 08/06/2022 Գրքեր/Books Սպասարկվում է ընթերցասրահ